书目信息 |
| 题名: |
五经四书说略
|
|
| 作者: | 李思敬 著 | |
| 分册: | ||
| 出版信息: | 北京 商务印书馆 1996 |
|
| 页数: | 183页 | |
| 开本: | 19cm | |
| 丛书名: | 中国文化史知识丛书 | |
| 单 册: | ||
| 中图分类: | Z126.2 , Z126.1 | |
| 科图分类: | 98.8 | |
| 主题词: | 儒家-封建教材 , 封建教材-儒家 | |
| 电子资源: | ||
| ISBN: | 7-100-02112-X | |
| 000 | 00702nam2 2200265 45 | |
| 001 | 1556327140 | |
| 005 | 20150127153930.31 | |
| 010 | @a7-100-02112-X@dCNY13.00 | |
| 100 | @a19980219d1996 em y0chiy0121 ea | |
| 101 | 0 | @achi |
| 102 | @aCN@b110000 | |
| 105 | @ay z 000yy | |
| 200 | 10 | @a五经四书说略@Awu jing si shu shuo lue@f李思敬著 |
| 210 | @a北京@c商务印书馆@d1996 | |
| 215 | @a183页@d19cm | |
| 225 | 2 | @a中国文化史知识丛书 |
| 410 | 0 | @120010@a中国文化史知识丛书 |
| 606 | @a儒家-封建教材 | |
| 606 | @a封建教材-儒家 | |
| 690 | @aZ126.2@v3 | |
| 690 | @aZ126.1@v4 | |
| 692 | @a98.8@v2 | |
| 701 | 0 | @a李思敬@Ali si jing@4著 |
| 801 | 0 | @aCN@bTSSF@c20150127 |
| 905 | @aZUCC@dZ126.1@eJY99 | |
| 五经四书说略/李思敬著.-北京:商务印书馆,1996 |
| 183页;19cm.-(中国文化史知识丛书) |
| ISBN 7-100-02112-X:CNY13.00 |
| ● |
| 相关链接 |
|
|
|
|
正题名:五经四书说略
索取号:Z126.1/JY99
 
预约/预借
| 序号 | 登录号 | 条形码 | 馆藏地/架位号 | 状态 | 备注 |
| 1 | 7837840 | 278378408 | 学院路分馆/ [索取号:Z126.1/JY99] | 在馆 | |
| 2 | 7837841 | 278378417 | 学院路分馆/ [索取号:Z126.1/JY99] | 在馆 |